000 00810nas a2200265 4500
001 BR0100056
003 BR-BrBNA
005 20231205102013.0
007 ta
008 230509b bl.|||p| |||| 00| 00por d
040 _aBR-BrBNA
_bpor
_cBiblioteca Nacional de Agricultura
041 _a(Pt)
072 _aH20; U10
100 1 _aSilva, I.F.
100 1 _aLier, Q. de J. van
245 1 _aCalculo do erro na determinacao da massa molecular de fragmentos de DNA com base na migracao em eletroforese
650 _aFungo
650 _aEletroforese
650 _aDNA
650 _aLinhagem
650 _aModelo Matematico
773 0 _tSumma Phytopathologica (Brazil)
_xISSN 0100-5405
_g(Jan-Mar 2000), v. 26(1) p. 71-73
_wBR0100056
909 _a202311
_bLúcia
_c55
_dLúcia Elande
942 _2AGRIS
_n0
_cANA
999 _c165205
_d165205